Financování příspěvkových organizací v kultuře a dopady změn zákonných parametrů na reálné zobrazení ekonomiky organizací tohoto typu

Problémy nedostatočného financovania príspevkových organizácií v kultúre v Českej republike. Analýza na príklade regionálnych divadiel v Českej republike.

Uložené v:
Podrobná bibliografia
Hlavný autor: Dvořáková, Jana
Médium: Kapitola
Jazyk:Czech
Predmet:
Tagy: Pridať tag
Žiadne tagy, Buďte prvý, kto otaguje tento záznam!

MARC

LEADER 00000nla a2200000 4500
001 0190060
005 20231121094955.6
041 0 |a cze 
044 |a CZ 
245 1 0 |a Financování příspěvkových organizací v kultuře a dopady změn zákonných parametrů na reálné zobrazení ekonomiky organizací tohoto typu  |c Jana Dvořáková 
520 |a Problémy nedostatočného financovania príspevkových organizácií v kultúre v Českej republike. Analýza na príklade regionálnych divadiel v Českej republike. 
610 2 0 |a Česko 
610 2 0 |a kultúra 
610 2 0 |a zdroje finančné 
610 2 0 |a organizácie príspevkové 
100 1 |a Dvořáková, Jana